Normal view
MARC view
- Ford E.B
Entry Personal Name
001 - CONTROL NUMBER
- control field: 113619
003 - CONTROL NUMBER IDENTIFIER
- control field: NUST
005 - DATE AND TIME OF LATEST TRANSACTION
- control field: 20230714085406.0
008 - FIXED-LENGTH DATA ELEMENTS
- fixed length control field: 230714|| aca||aabn | a|a d
040 ## - CATALOGING SOURCE
- Original cataloging agency: NUST
- Transcribing agency: NUST
100 ## - HEADING--PERSONAL NAME
- Personal name: Ford E.B
670 ## - SOURCE DATA FOUND
- Source citation: Work cat.: (NUST)183083: Ford E.B, The New Naturalist butterflies /, 1977.
